000 00779cab a2200253 4500
001 ABS56739
008 090401t1997 xxu||||| |||| 00| 0 eng d
035 _a(Sirsi) u77578
041 _aeng
100 _aLangdon, M.
245 _aNegotiating renewals: a new lease of strife
260 _c1997
350 _a0
490 _aProperty Week
_v58(12) 28 March 1997, 16-17(2)
520 _aExamines the process of renewing a business lease from the point of view of both the landlord and the tenant.
650 _aAUTHORISED GUARANTEE AGREEMENTS
650 _aBUSINESS TENANCIES
650 _aLANDLORD AND TENANT ACT 1954
650 _aLEASE RENEWAL
690 _aLANDLORD AND TENANT-BUSINESS TENANCIES
700 _aWhite, G.
942 _n0
948 _c04/04/1997
999 _c48768
_d48768